Normal view
MARC view
Entry Personal Name
001 - CONTROL NUMBER
- control field: 27122
003 - CONTROL NUMBER IDENTIFIER
- control field: OSt
005 - DATE AND TIME OF LATEST TRANSACTION
- control field: 20260604155419.0
008 - FIXED-LENGTH DATA ELEMENTS
- fixed length control field: 260604|| aca||aabn | a|a d
040 ## - CATALOGING SOURCE
- Original cataloging agency: OSt
- Transcribing agency: OSt
100 ## - HEADING--PERSONAL NAME
- Personal name: Riban David M
670 ## - SOURCE DATA FOUND
- Source citation: Work cat.: (OSt)23220: Riban David M., Introduction to Physical Science, 1982
